| 000 | 00485nam a22001937a 4500 | ||
|---|---|---|---|
| 003 | MPLRDC | ||
| 005 | 20220104124459.0 | ||
| 008 | 210129b ||||| |||| 00| 0 eng d | ||
| 020 | _a957-733-763-5 | ||
| 082 | _a874.6 RUT | ||
| 100 | _aLEIGH W. RUTLEDGE | ||
| 245 |
_a猫的美丽与哀愁记事 _c子文 译 |
||
| 250 | _a初版 | ||
| 260 |
_a台湾 _b新雨出版社 _c2002 |
||
| 300 | _b235 | ||
| 490 | _a生活美学: 34 | ||
| 650 | _a美国文学 | ||
| 942 |
_cBK _o874.6 RUT |
||
| 999 |
_c19670 _d19660 |
||